La autoridad de los derechos. Los derechos entre instituciones y normas

Guardat en:
Dades bibliogràfiques
Autor principal: Palombella, Gianluigi (autor)
Format: Llibre
Idioma:espanyol
Publicat: Madrid Editorial Trotta 2006
Edició:1a. ed
Col·lecció:Colección Estructuras y Procesos. Serie Derecho
Matèries:
Etiquetes: Afegir etiqueta
Sense etiquetes, Sigues el primer a etiquetar aquest registre!

MARC

LEADER 00000cam a2200000 a 4500
001 UCC0718
003 CL-VaPUC
008 170825e20060000sp |||||||||||||||||spa|d
020 |a 8481648612 
082 0 4 |a 323.4  |b PAL  |2 21 
100 |a Palombella, Gianluigi  |e autor  |9 594730 
245 1 3 |a La autoridad de los derechos. Los derechos entre instituciones y normas 
250 |a 1a. ed 
300 |a 191 p 
942 |c BK 
945 |d 20170825 13:52:00  |a arojas 
260 |a Madrid  |b Editorial Trotta  |c 2006 
650 0 |a Derechos fundamentales   |9 254841 
650 0 |a Autoridad   |9 257105 
650 7 |a NORMAS  |2 CL-VaPUC  |9 259606 
583 |a last modification  |c 20170825 13:52:00  |k Rodrigo Vera 
490 0 |a Colección Estructuras y Procesos. Serie Derecho 
999 |c 369470  |d 369468 
952 |0 0  |1 0  |3 erb  |4 0  |6 323_400000000000000_PAL_2006  |7 0  |8 A  |9 485283  |a BIBDER  |b BIBDER  |i 5418763  |o 323.4 PAL 2006  |p 5418763  |r 2023-01-25  |w 2019-11-24  |y BK  |z Catalogado en:20170825  |k DER